[Event "Moscow Open 2009 B"]
[Site "www.moscowchessopen.ru"]
[Date "2009.02.07"]
[Round "8.29"]
[White "Vetryansky, Vladimir"]
[Black "Muromtsev, Arthur"]
[Result "1-0"]
[WhiteElo "2114"]
[BlackElo "2259"]
[Annotator ""]
[Source ""]
[Remark ""]

1.e4 c5 2.c3 g6 3.d4 cxd4 4.cxd4 d5 5.exd5 Nf6 6.Nc3 Bg7 7.Bc4
O-O 8.Nf3 Na6 9.O-O Nc7 10.Re1 Ncxd5 11.Nxd5 Nxd5 12.Bxd5 Qxd5
13.Rxe7 Bg4 14.Be3 Rfd8 15.h3 Bxf3 16.Qxf3 Qxf3 17.gxf3 b6 18.Rd1
Rd5 19.Rd3 Rad8 20.Rxa7 Bxd4 21.Bxd4 Rxd4 22.Rxd4 Rxd4 23.Rb7
Rd6 24.Kg2 Kg7 25.b3 h5 26.f4 Rf6 27.Kg3 h4+ 28.Kg4 Kh7 29.a4
Kg7 30.b4 Kh7 31.Ra7 Kg7 32.Ra6 1-0

[Event "Moscow Open 2009 B"]
[Site "www.moscowchessopen.ru"]
[Date "2009.02.07"]
[Round "8.30"]
[White "Krivenko, Sergey"]
[Black "Andreev, Viktor"]
[Result "0-1"]
[WhiteElo "2111"]
[BlackElo "2258"]
[Annotator ""]
[Source ""]
[Remark ""]

1.d4 Nf6 2.c4 g6 3.Nc3 Bg7 4.e4 d6 5.f3 O-O 6.Be3 c5 7.Nge2 cxd4
8.Nxd4 Nc6 9.Be2 Nd7 10.Nb3 a5 11.Rc1 a4 12.Nd4 Qa5 13.O-O Nc5
14.Ndb5 Be6 15.Qc2 Qb4 16.Qb1 Bxc4 17.Bxc4 Qxc4 18.Nc7 Rac8 19.Rfd1
Nd4 20.N7d5 Rce8 21.Nxe7+ Rxe7 22.Nd5 Qxd5 23.exd5 Rxe3 24.Re1
Ne2+ 25.Kf1 Rfe8 26.Rc2 Ng3+ 27.hxg3 Rxe1+ 28.Qxe1 Rxe1+ 29.Kxe1
Bxb2 30.Re2 Bc3+ 31.Kd1 Kf8 32.Kc2 Bf6 33.Re1 a3 34.g4 h6 35.Rb1
Bb2 36.Rh1 Bg7 37.Rb1 Bb2 38.Rh1 Kg7 39.Re1 Be5 40.Rb1 Kf6 0-1

[Event "Moscow Open 2009 B"]
[Site "www.moscowchessopen.ru"]
[Date "2009.02.07"]
[Round "8.31"]
[White "Pletnev, Evgeniy"]
[Black "Selensky, A"]
[Result "1-0"]
[WhiteElo "2246"]
[BlackElo "2146"]
[Annotator ""]
[Source ""]
[Remark ""]

1.d4 d5 2.Bg5 Nf6 3.Bxf6 exf6 4.e3 Be7 5.c4 O-O 6.Nc3 dxc4 7.Bxc4
f5 8.Qf3 c6 9.Nge2 Qa5 10.O-O-O b5 11.Bxb5 cxb5 12.Qxa8 Bd7 13.Qd5
a6 14.a3 Be6 15.Qb7 Bd6 16.d5 Bc8 17.Qa7 Nd7 18.Kc2 Ne5 19.Nd4
b4 20.axb4 Qxb4 21.Nb3 Qg4 22.Qb6 Qg6 23.g3 f4+ 24.e4 Bg4 25.gxf4
Bxd1+ 26.Rxd1 Ng4 27.h3 Nh6 28.Rd3 Bxf4 29.Qxg6 fxg6 30.Nc5 Bd6
31.Nb7 Be5 32.f3 Nf7 33.Nc5 Bd6 34.Ne6 Rc8 35.f4 Bb4 36.e5 g5
37.Nxg5 Nxg5 38.fxg5 Kf7 39.Kb3 a5 40.h4 Kg6 41.Rf3 Rd8 42.d6
Bxd6 43.exd6 Rxd6 44.Rf4 Rd2 45.Ne4 Rh2 46.Ka3 h6 47.gxh6 gxh6
48.Rf6+ Kg7 49.Rf4 Kg6 50.b3 h5 51.Ka4 Ra2+ 52.Kb5 Rb2 53.Nc5 1-0

[Event "Moscow Open 2009 B"]
[Site "www.moscowchessopen.ru"]
[Date "2009.02.07"]
[Round "8.32"]
[White "Matveev, Mikhail"]
[Black "Sinelnikov, Igor"]
[Result "0-1"]
[WhiteElo "2245"]
[BlackElo "2158"]
[Annotator ""]
[Source ""]
[Remark ""]

1.e4 g6 2.d4 Bg7 3.Nc3 d6 4.Be3 Nf6 5.Qd2 Ng4 6.Bg5 f6 7.Bh4
Bh6 8.f4 e5 9.Nd5 c6 10.dxe5 cxd5 11.exf6 Nxf6 12.Bb5+ Bd7 13.e5
dxe5 14.Qb4 Bxf4 15.Nh3 Qb6 16.Nxf4 exf4 17.O-O-O Kf7 18.Rhe1
Rf8 19.Bxf6 Qxf6 20.Bxd7 Nxd7 21.Qxb7 Kg8 22.Qxd5+ Qf7 23.Qxd7
Qxa2 24.Rd4 Qa1+ 25.Kd2 Qa5+ 26.b4 Qg5 27.Re7 f3+ 28.Kc3 Qf6
29.Qd5+ Kh8 30.Re6 Qg7 31.gxf3 Rad8 32.Rd6 Rxd6 33.Qxd6 Rxf3+
34.Kb2 h5 35.c3 Kh7 36.Qe6 Kh6 37.Qe2 Qf6 38.Qd2+ Qg5 39.Qc2
Qf6 40.h4 Rf2 41.Rd2 Rf4 42.Qc1 Rxb4+ 43.Kc2 Rxh4 44.Rh2+ g5
45.Rxh4 Qf2+ 46.Qd2 Qxd2+ 47.Kxd2 gxh4 48.Ke3 Kg5 49.Ke4 h3 50.Kf3
a5 0-1

[Event "Moscow Open 2009 B"]
[Site "www.moscowchessopen.ru"]
[Date "2009.02.07"]
[Round "8.33"]
[White "Kharlamov, Igor"]
[Black "Zernyshkin, Vladislav"]
[Result "1/2-1/2"]
[WhiteElo "2088"]
[BlackElo "2242"]
[Annotator ""]
[Source ""]
[Remark ""]

1.Nf3 e6 2.d4 Nf6 3.c4 d5 4.Bg5 Be7 5.Nc3 O-O 6.e3 h6 7.Bh4 b6
8.Rc1 Bb7 9.Bxf6 Bxf6 10.cxd5 exd5 11.Bd3 Nd7 12.Nb5 c6 13.Nd6
Qc7 14.Nf5 Rfe8 15.g4 Be7 16.h4 Bf8 17.h5 f6 18.Kf1 Bd6 19.Bb1
Nf8 20.Qc2 Rac8 21.Kg2 Qd7 22.N3h4 c5 23.Qe2 Ne6 24.Qd3 Ng5 25.Nxh6+
gxh6 26.Qg6+ Kf8 27.Qxf6+ Nf7 28.Nf5 Re6 29.Qg7+ Ke8 30.Qg8+
Bf8 31.Ng7+ Ke7 32.Nxe6 Qxe6 33.Bf5 Qd6 34.Bxc8 Bxc8 35.Qg6 Ng5
36.f4 Ne4 37.Qxd6+ Kxd6 38.g5 Bf5 39.gxh6 Bxh6 40.dxc5+ bxc5
41.Kf3 Nf6 42.Kf2 1/2-1/2

[Event "Moscow Open 2009 B"]
[Site "www.moscowchessopen.ru"]
[Date "2009.02.07"]
[Round "8.34"]
[White "Mikhailov, Alexander B."]
[Black "Rublev, Sergey"]
[Result "1-0"]
[WhiteElo "2227"]
[BlackElo "2128"]
[Annotator ""]
[Source ""]
[Remark ""]

1.Nf3 d5 2.c4 d4 3.b4 g6 4.g3 Bg7 5.d3 e5 6.Bg2 Ne7 7.O-O O-O
8.Nbd2 a5 9.Ba3 axb4 10.Bxb4 Nbc6 11.a3 f5 12.Qb3 h6 13.Ne1 Ra7
14.Nc2 Rf6 15.Bc5 b6 16.Bxe7 Qxe7 17.Nb4 Nxb4 18.axb4 c6 19.Ra4
Rxa4 20.Qxa4 Bf8 21.Rb1 Qc7 22.b5 Bd7 23.bxc6 Bxc6 24.Bxc6 Rxc6
25.Qa8 Rd6 26.Qe8 Qe7 27.Qb8 Qg5 28.Nf3 Qf6 29.Qb7 Bg7 30.Ra1
Re6 31.Ra7 g5 32.h3 Kh7 33.g4 fxg4 34.hxg4 Qf8 35.Qe4+ Kh8 36.Nxd4
Re7 37.Rxe7 Qxe7 38.Nf5 Qa3 39.Nxg7 Qa1+ 40.Kg2 Kxg7 41.Qb7+
Kg8 42.Qxb6 Qa8+ 43.f3 Qa1 44.Qxh6 Qc1 45.Qe6+ 1-0

[Event "Moscow Open 2009 B"]
[Site "www.moscowchessopen.ru"]
[Date "2009.02.07"]
[Round "8.35"]
[White "Ivanets, Vladimir"]
[Black "Repkin, Alexander"]
[Result "1-0"]
[WhiteElo "2223"]
[BlackElo "2098"]
[Annotator ""]
[Source ""]
[Remark ""]

1.b4 b6 2.Nf3 Bb7 3.e3 e6 4.Bb2 Nf6 5.a3 Be7 6.Be2 O-O 7.O-O
c5 8.bxc5 Bxc5 9.d4 Be7 10.c4 d6 11.Nc3 Nbd7 12.a4 Qb8 13.Ba3
Rc8 14.Qb3 a6 15.Rfb1 Qc7 16.Ne5 Rab8 17.Nxd7 Nxd7 18.Bb2 Ba8
19.Qd1 Bd8 20.Rc1 Nf6 21.h3 Qe7 22.Ba3 Ne8 23.e4 Qg5 24.Qf1 Bb7
25.Rab1 Qd2 26.Bd3 Bf6 27.Rc2 Qg5 28.Ne2 Qa5 29.Ra1 Bc6 30.Rb2
Bd7 31.f4 Qh5 32.Bb4 g5 33.e5 dxe5 34.fxe5 Bd8 35.g4 Qh6 36.Ng3
Bc6 37.Ne4 a5 38.Bc3 Rb7 39.Rf2 Rd7 40.Nd6 Nxd6 41.exd6 Ba8 42.Re1
Qg7 43.Bb2 Rxd6 44.d5 f6 45.Ba3 Rd7 46.Rxe6 Qh6 47.Re8+ Kf7 48.Rh8 1-0

[Event "Moscow Open 2009 B"]
[Site "www.moscowchessopen.ru"]
[Date "2009.02.07"]
[Round "8.36"]
[White "Shmatkov, Mikhail"]
[Black "Panko, Alexander"]
[Result "0-1"]
[WhiteElo "2219"]
[BlackElo "2087"]
[Annotator ""]
[Source ""]
[Remark ""]

1.e4 c5 2.Nf3 d6 3.d4 cxd4 4.Nxd4 Nf6 5.Nc3 a6 6.Bc4 e6 7.Bb3
Qc7 8.Be3 Be7 9.Qe2 Nc6 10.O-O-O Na5 11.g4 Nxb3+ 12.axb3 b5 13.g5
Nd7 14.Kb1 Bb7 15.Bc1 Nc5 16.b4 Nd7 17.Nb3 Rc8 18.Rhe1 Qc4 19.Qxc4
bxc4 20.Na5 Ba8 21.Bf4 Ne5 22.Rd4 Nf3 23.Rdd1 Nxe1 24.Rxe1 O-O
25.f3 Rb8 26.Nxc4 Rfd8 27.Na2 Rb5 28.Na3 Rb7 29.c4 f6 30.gxf6
gxf6 31.b5 axb5 32.Nxb5 d5 33.Nc7 dxe4 34.Nxe6 Rc8 35.fxe4 Kf7
36.Nd4 Rxc4 37.Nf5 Rb5 38.Ng3 f5 39.Bd2 Bf6 40.b4 fxe4 41.Rf1
Ke6 42.Be3 Be7 43.Bd2 Bf6 44.Be3 Bc6 45.Ne2 Be5 46.Rf8 Rb8 47.Rf1
Ba4 48.Nf4+ Kd7 49.Rf2 Rbc8 50.Bc5 e3 51.Bxe3 Bc2+ 52.Kc1 Bb3+
53.Kb1 Bxa2+ 54.Kxa2 Rxb4 55.Ka3 Bd6 0-1

[Event "Moscow Open 2009 B"]
[Site "www.moscowchessopen.ru"]
[Date "2009.02.07"]
[Round "8.37"]
[White "Shuvalov, Evgenij"]
[Black "Potyavin, Igor"]
[Result "1-0"]
[WhiteElo "2213"]
[BlackElo "2071"]
[Annotator ""]
[Source ""]
[Remark ""]

1.Nf3 Nf6 2.c4 c5 3.Nc3 g6 4.g3 b6 5.Bg2 Bb7 6.d4 cxd4 7.Qxd4
Bg7 8.O-O O-O 9.Qh4 h5 10.Bg5 d6 11.Rac1 Nbd7 12.Rfd1 Rc8 13.b3
a6 14.e4 Rc5 15.Nd4 Re8 16.Nd5 Qa8 17.a4 Qd8 18.h3 e6 19.Nc3
Qa8 20.Be3 Rcc8 21.Nde2 Qb8 22.g4 hxg4 23.hxg4 Nc5 24.g5 Nfd7
25.b4 Nb3 26.Rb1 Rxc4 27.Rxb3 d5 28.Qg3 Qc8 29.Nb1 dxe4 30.Nd2
Rc2 31.Rbb1 Qc4 32.Nxc4 1-0

[Event "Moscow Open 2009 B"]
[Site "www.moscowchessopen.ru"]
[Date "2009.02.07"]
[Round "8.38"]
[White "Grebennikov, Igor"]
[Black "Demidov, Alexandr"]
[Result "0-1"]
[WhiteElo "1400"]
[BlackElo "2209"]
[Annotator ""]
[Source ""]
[Remark ""]

1.e4 e5 2.Nf3 Nc6 3.Bc4 Nf6 4.d4 exd4 5.O-O Nxe4 6.Re1 d5 7.Bxd5
Qxd5 8.Nc3 Qa5 9.Nxe4 Be6 10.Bg5 h6 11.Bd2 Qb6 12.a3 O-O-O 13.b4
g5 14.Rb1 g4 15.b5 gxf3 16.bxc6 Qxc6 17.Qxf3 Rg8 18.c3 f5 19.Ng3
Qxf3 20.gxf3 Bd5 21.cxd4 Bxf3 22.Re5 Bd6 23.Ra5 f4 24.Rxa7 fxg3
25.hxg3 b6 26.Ra4 Bd5 27.Kf1 Rde8 28.Rc1 Kb7 29.Re1 Bc6 0-1

[Event "Moscow Open 2009 B"]
[Site "www.moscowchessopen.ru"]
[Date "2009.02.07"]
[Round "8.39"]
[White "Shabanov, Nurlan Mammad Oglu"]
[Black "Anarkulov, A"]
[Result "0-1"]
[WhiteElo "1825"]
[BlackElo "2202"]
[Annotator ""]
[Source ""]
[Remark ""]

1.d4 Nf6 2.c4 d6 3.Nc3 Nbd7 4.e4 e5 5.d5 Nc5 6.Bd3 a5 7.Nge2
Be7 8.O-O O-O 9.f3 Ne8 10.Be3 Bg5 11.Bxg5 Qxg5 12.Qc1 Qe7 13.Bc2
g6 14.b3 f5 15.Qe3 f4 16.Qf2 g5 17.Kh1 Ng7 18.a3 g4 19.Rfd1 Qg5
20.Qf1 Rf6 21.Nb5 Na6 22.b4 Qh4 23.Qe1 Qh5 24.Rd3 Rh6 25.Qg1
g3 26.c5 Qg6 27.h3 Bxh3 28.gxh3 Rxh3+ 29.Kg2 Qh6 0-1

[Event "Moscow Open 2009 B"]
[Site "www.moscowchessopen.ru"]
[Date "2009.02.07"]
[Round "8.40"]
[White "Kurukin, Dmitry"]
[Black "Lopukhin, Anatoly"]
[Result "1/2-1/2"]
[WhiteElo "2202"]
[BlackElo "1400"]
[Annotator ""]
[Source ""]
[Remark ""]

1.e4 c6 2.d4 g6 3.Nf3 Bg7 4.c3 d5 5.Nbd2 Nh6 6.Bd3 O-O 7.O-O
f6 8.Re1 Na6 9.h3 Nf7 10.b3 e5 11.Bb2 dxe4 12.Bxa6 exf3 13.Bf1
fxg2 14.Bxg2 exd4 15.cxd4 Bf5 16.Ne4 Re8 17.Qd2 Bxe4 18.Bxe4
Qd7 19.Bg2 Ng5 20.h4 Ne6 21.d5 Nc7 22.d6 Nb5 23.Rxe8+ Rxe8 24.Rd1
Re6 25.Bh3 f5 26.Bxg7 Kxg7 27.Qb2+ Kg8 28.Bf1 Nxd6 29.Qd4 b5
30.Bg2 Qc7 31.Qf4 Qe7 32.Bxc6 Re1+ 33.Rxe1 Qxe1+ 34.Kg2 Qe7 35.Qd4
h5 36.Qc5 a6 37.Qb6 Kg7 38.a4 bxa4 39.bxa4 f4 40.a5 Nf5 41.Qxa6
Nxh4+ 42.Kf1 Qd6 43.Qb7+ Kh6 44.Bd5 Qc5 45.a6 Qc1+ 46.Ke2 Qc2+
47.Ke1 f3 48.Bxf3 Qc3+ 49.Ke2 Nxf3 50.Qxf3 Qb2+ 51.Ke3 Qa3+ 52.Kf4
Qd6+ 53.Ke4 Qc6+ 54.Ke3 Qb6+ 55.Ke4 Qe6+ 56.Kd4 Qxa6 57.Qf4+
Kg7 58.Qc7+ Kh6 59.Qf4+ Kg7 60.Qc7+ Kf8 61.Qd8+ Kf7 62.Qc7+ Kf8
63.Qd8+ Kf7 1/2-1/2

[Event "Moscow Open 2009 B"]
[Site "www.moscowchessopen.ru"]
[Date "2009.02.07"]
[Round "8.41"]
[White "Orlov, Oleg"]
[Black "Mosionzhik, Ilya"]
[Result "0-1"]
[WhiteElo "2299"]
[BlackElo "2162"]
[Annotator ""]
[Source ""]
[Remark ""]

1.Nf3 d5 2.c4 d4 3.e3 c5 4.b4 dxe3 5.fxe3 cxb4 6.d4 e6 7.Bb2
Nf6 8.Bd3 Be7 9.e4 O-O 10.e5 Ne8 11.Nbd2 Bd7 12.d5 Bc5 13.Nb3
Na6 14.h4 f6 15.Bxh7+ Kxh7 16.Ng5+ Kg8 17.Qh5 fxg5 18.hxg5 Rf5
19.Qh8+ Kf7 20.g6+ Kxg6 21.g4 Bf2+ 22.Ke2 Rg5 23.Qh7+ Kf7 24.Raf1
exd5 25.Rxf2+ Ke7 26.Qh4 Bxg4+ 27.Ke1 Kd7 28.cxd5 Rg6 29.e6+
Kc8 30.Rc2+ Nac7 31.Qh8 Rxe6+ 32.Kf2 Qxd5 33.Rhc1 Qf3+ 34.Kg1
Qg3+ 35.Rg2 Qe3+ 36.Rf2 Bh3 37.Bd4 Qg3+ 38.Kh1 Bg4 39.Rxc7+ Kxc7
40.Rc2+ Kd8 41.Bf6+ gxf6 42.Rd2+ Kc8 43.Rc2+ Kb8 0-1

[Event "Moscow Open 2009 B"]
[Site "www.moscowchessopen.ru"]
[Date "2009.02.07"]
[Round "8.42"]
[White "Minasyan, Arnold"]
[Black "Kleiman, B"]
[Result "0-1"]
[WhiteElo "2171"]
[BlackElo "2295"]
[Annotator ""]
[Source ""]
[Remark ""]

1.e4 c5 2.Nf3 Nc6 3.d4 cxd4 4.Nxd4 g6 5.Nc3 Bg7 6.Be3 Nf6 7.Bc4
O-O 8.Bb3 a5 9.a4 Ng4 10.Nxc6 Nxe3 11.Nxd8 Nxd1 12.Rxd1 Bxc3+
13.bxc3 Rxd8 14.Kd2 d6 15.h4 h6 16.f4 h5 17.Ke3 Bd7 18.Rd5 Kg7
19.Rg5 Rdc8 20.Kd2 e6 21.Rf1 Rc5 22.Rxc5 dxc5 23.c4 Bc6 24.Ke3
Rd8 25.c3 f5 26.Bc2 Ra8 27.g3 fxe4 28.Ra1 e5 29.Rg1 Re8 30.Rd1
Kf6 31.Rd6+ Kf5 32.Bd1 Rg8 33.Rd2 Ke6 34.Bc2 Kf5 35.Bd1 exf4+
36.gxf4 Ke6 37.Rg2 Kf6 38.Rg5 b6 39.Bxh5 Bxa4 40.f5 Be8 41.Kxe4
Rh8 42.Bg4 Rxh4 43.Kf4 Rh1 44.Bf3 Rf1 45.Rg2 Rxf3+ 0-1

[Event "Moscow Open 2009 B"]
[Site "www.moscowchessopen.ru"]
[Date "2009.02.07"]
[Round "8.43"]
[White "Novikov, Valeri"]
[Black "Konenkin, Dmitry"]
[Result "0-1"]
[WhiteElo "2169"]
[BlackElo "2289"]
[Annotator ""]
[Source ""]
[Remark ""]

1.e4 d6 2.Nf3 Nf6 3.Nc3 e5 4.d4 Nbd7 5.Be2 Be7 6.O-O O-O 7.h3
c6 8.Be3 b5 9.a3 Bb7 10.dxe5 dxe5 11.Re1 Qc7 12.Bf1 Rfd8 13.Qc1
Nc5 14.Ng5 h6 15.b4 Ncd7 16.Nf3 a5 17.Qb2 Nf8 18.Nd2 axb4 19.axb4
Ne6 20.Ne2 c5 21.Rxa8 Bxa8 22.bxc5 Bxc5 23.Bxc5 Qxc5 24.c3 Qd6
25.Ra1 Bc6 26.Ra2 Nc5 27.Ng3 Nd3 28.Qb1 g6 29.Ra6 Nc5 30.Ra2
Na4 31.Qb3 Qc5 32.c4 b4 33.Qf3 Kg7 34.Nb3 Qb6 35.Rc2 Nc3 36.c5
Qa7 37.Qe3 Qa3 38.Bc4 Ba4 39.Rd2 Bxb3 40.Rxd8 Bxc4 41.c6 Qa5
42.Qd2 Qc7 43.Ra8 Bb5 44.Qe3 Qxc6 45.Qa7 b3 46.Qb8 Qxa8 47.Qxa8
b2 0-1

[Event "Moscow Open 2009 B"]
[Site "www.moscowchessopen.ru"]
[Date "2009.02.07"]
[Round "8.44"]
[White "Artamonov, Valery"]
[Black "Manelyuk, Nikita"]
[Result "1/2-1/2"]
[WhiteElo "2289"]
[BlackElo "2162"]
[Annotator ""]
[Source ""]
[Remark ""]

1.c4 e5 2.Nc3 Nf6 3.g3 c6 4.d4 exd4 5.Qxd4 d5 6.Bg2 dxc4 7.Qxd8+
Kxd8 8.Nf3 Bd6 9.Bg5 h6 10.O-O-O Kc7 11.Bd2 Re8 12.Nd4 Be5 13.Be1
Na6 14.f4 Bxd4 15.Rxd4 Be6 16.e4 Rad8 17.Bf2 Nb4 18.Bf1 Ng4 19.Rxd8
Rxd8 20.Bxa7 b6 21.f5 Nf2 22.fxe6 Nxh1 23.exf7 Nd3+ 24.Bxd3 cxd3
25.e5 Rf8 26.Bxb6+ Kd7 27.Kd2 Rxf7 28.Kxd3 Nf2+ 29.Kc4 Ng4 30.Bd4
Re7 31.e6+ Kxe6 32.Kc5 Kd7 33.a4 Nxh2 34.Kb6 Nf3 35.Bc5 Re8 36.Kb7
Nd2 37.a5 Nb3 38.Bb6 Nxa5+ 39.Bxa5 Re3 40.Bc7 g5 41.Bb8 h5 42.Kb6
Re8 43.Bc7 Re3 44.Bb8 h4 45.gxh4 gxh4 46.Kc5 Re8 47.Bh2 Rg8 48.b4
Rg2 49.Bb8 h3 50.b5 cxb5 51.Nxb5 h2 52.Bxh2 Rxh2 1/2-1/2

[Event "Moscow Open 2009 B"]
[Site "www.moscowchessopen.ru"]
[Date "2009.02.07"]
[Round "8.45"]
[White "Matveev, Stanislav"]
[Black "Bronnikov, Konstantin"]
[Result "1/2-1/2"]
[WhiteElo "2161"]
[BlackElo "2285"]
[Annotator ""]
[Source ""]
[Remark ""]

1.d4 Nf6 2.c4 e6 3.g3 d5 4.Nf3 Be7 5.Bg2 O-O 6.O-O dxc4 7.Qc2
Nc6 8.Qxc4 Nd7 9.Rd1 Nb6 10.Qb3 Qd5 11.Nc3 Qxb3 12.axb3 a6 13.Bf4
Bd6 14.Ne4 Bxf4 15.gxf4 Nd5 16.e3 f6 17.Rac1 Nce7 18.Ne1 c6 19.Nd3
Rd8 20.b4 Rb8 21.Kf1 Nc7 22.Ke2 Bd7 23.Bf3 Be8 24.h4 Bg6 25.h5
Bf5 26.h6 Bxe4 27.Bxe4 g6 28.Rc4 Nb5 29.Bf3 Kf7 30.Nc5 Nd6 31.Rcc1
Nd5 32.Bxd5 cxd5 33.f3 Rdc8 34.Kd3 Rc7 35.e4 Rbc8 36.Ra1 f5 37.exd5
exd5 38.Re1 Nc4 39.b3 Nb6 40.Re5 Re8 41.Rae1 Rxe5 42.dxe5 Nc8
43.e6+ Ke7 44.Kd4 Kd6 45.e7 Rxe7 46.Rxe7 Nxe7 47.Nxb7+ Kc6 48.Nc5
Kb5 49.Nd3 Ng8 50.Kxd5 Nxh6 51.Ke6 Ng4 52.fxg4 fxg4 53.f5 gxf5
54.Kxf5 g3 55.Nf4 Kxb4 56.Kg4 Kxb3 57.Kxg3 a5 58.Nd3 a4 1/2-1/2

[Event "Moscow Open 2009 B"]
[Site "www.moscowchessopen.ru"]
[Date "2009.02.07"]
[Round "8.46"]
[White "Kirillov, Igor"]
[Black "Murzin, Sergey"]
[Result "1-0"]
[WhiteElo "2277"]
[BlackElo "2160"]
[Annotator ""]
[Source ""]
[Remark ""]

1.e4 c5 2.Nf3 e6 3.c4 a6 4.Nc3 Nc6 5.d4 cxd4 6.Nxd4 Nf6 7.Nxc6
dxc6 8.Qxd8+ Kxd8 9.Bf4 Bb4 10.O-O-O+ Nd7 11.Kc2 Ke8 12.e5 Bxc3
13.Kxc3 a5 14.Bd3 f6 15.exf6 gxf6 16.Bd6 Kf7 17.Rhe1 Nf8 18.c5
Ng6 19.f4 Ne7 20.Bxe7 Kxe7 21.Bc4 Re8 22.Rd6 Rb8 23.Bxe6 Kf8
24.f5 Bxe6 25.fxe6 Re7 26.g3 Kg7 27.Kb3 f5 28.Rd7 Kf6 29.Rxe7
Kxe7 30.Ka4 Ra8 31.Re2 h6 32.a3 h5 33.h4 b6 34.cxb6 Ra6 35.b3
Rxb6 36.Re5 Rb8 37.Rxf5 Rg8 38.Rg5 Rf8 39.Rxh5 Rf3 40.Rg5 Kxe6
41.h5 1-0

[Event "Moscow Open 2009 B"]
[Site "www.moscowchessopen.ru"]
[Date "2009.02.07"]
[Round "8.47"]
[White "Grigoriev, Semyon"]
[Black "Kozlov, Vladimir N"]
[Result "1-0"]
[WhiteElo "2161"]
[BlackElo "2269"]
[Annotator ""]
[Source ""]
[Remark ""]

1.d4 Nf6 2.c4 c5 3.d5 e6 4.Nc3 exd5 5.cxd5 g6 6.e4 d6 7.Bd3 Bg7
8.Nf3 Bg4 9.O-O O-O 10.h3 Bxf3 11.Qxf3 a6 12.a4 Nbd7 13.Bf4 Qe7
14.Rac1 Rae8 15.Rfe1 Nh5 16.Bh2 Ne5 17.Qd1 Bh6 18.Ra1 Qd8 19.Ne2
Qh4 20.Rf1 g5 21.Ng3 Ng7 22.Be2 f5 23.exf5 Qb4 24.Bg4 Re7 25.b3
Ne8 26.f6 Rxf6 27.Be6+ Rexe6 28.dxe6 g4 29.Nh5 Rxe6 30.Bxe5 Rxe5
31.hxg4 Bd2 32.Ra2 Bc3 33.Re2 Ng7 34.Nf6+ Kf7 35.Nd5 Qd4 36.Rxe5
dxe5 37.Qf3+ 1-0

[Event "Moscow Open 2009 B"]
[Site "www.moscowchessopen.ru"]
[Date "2009.02.07"]
[Round "8.48"]
[White "Senkow, Alexandr"]
[Black "Musaev, Mansur"]
[Result "1-0"]
[WhiteElo "2149"]
[BlackElo "2266"]
[Annotator ""]
[Source ""]
[Remark ""]

1.d4 d5 2.Nc3 Nf6 3.Bg5 c6 4.Qd2 Bf5 5.f3 Nbd7 6.e3 e6 7.g4 Bg6
8.Bf4 Bb4 9.h4 h6 10.h5 Bh7 11.a3 Be7 12.Bd3 b5 13.a4 a6 14.Nge2
Nb6 15.b3 O-O 16.g5 hxg5 17.Bxg5 Nfd7 18.Bxe7 Qxe7 19.h6 g6 20.e4
dxe4 21.fxe4 e5 22.a5 exd4 23.Nxd4 Qc5 24.Nce2 Nc4 25.Qc3 Nce5
26.Qb2 Qb4+ 27.Kf2 Qd2 28.Qc3 Ng4+ 29.Kg3 Qe3+ 30.Nf3 Nge5 31.Raf1
c5 32.Nf4 c4 33.Nd5 Qc5 34.Nxe5 Qd6 35.bxc4 Qxe5+ 36.Qxe5 Nxe5
37.c5 Nc6 38.Rf6 Nxa5 39.c6 Ra7 40.Ra1 Nc4 41.Bxc4 bxc4 42.c7
g5 43.Ne7+ Kh8 44.c8Q Rxc8 45.Nxc8 1-0

[Event "Moscow Open 2009 B"]
[Site "www.moscowchessopen.ru"]
[Date "2009.02.07"]
[Round "8.49"]
[White "Pranizin, Gennady"]
[Black "Gulevich, Artem"]
[Result "1-0"]
[WhiteElo "2145"]
[BlackElo "2264"]
[Annotator ""]
[Source ""]
[Remark ""]

1.e4 c5 2.Nf3 Nc6 3.Bb5 Qb6 4.Nc3 Nd4 5.Bc4 e6 6.O-O g6 7.Bb3
Bg7 8.d3 Ne7 9.Bg5 h6 10.Bh4 d6 11.Nd2 Nec6 12.f4 Nxb3 13.Nc4
Nxa1 14.Nxb6 axb6 15.Qxa1 Nd4 16.Qd1 Bd7 17.a3 Bc6 18.Nb1 Ba4
19.b3 Bd7 20.c3 Nc6 21.a4 O-O 22.Nd2 d5 23.c4 Nb4 24.Qe2 Rfe8
25.h3 Bc6 26.g4 f5 27.e5 d4 28.Kh2 Kf7 29.Rg1 Rg8 30.Be1 Nc2
31.Bf2 Nb4 32.h4 Ke7 33.gxf5 gxf5 34.h5 Bh8 35.Rg6 Rxg6 36.hxg6
Rg8 37.Bh4+ Kf8 38.Qh5 Bg7 39.Bf6 Nxd3 40.Qh4 h5 41.Bd8 1-0

[Event "Moscow Open 2009 B"]
[Site "www.moscowchessopen.ru"]
[Date "2009.02.07"]
[Round "8.50"]
[White "Kruchev, Boris"]
[Black "Savitskiy, Sergey"]
[Result "0-1"]
[WhiteElo "2263"]
[BlackElo "2143"]
[Annotator ""]
[Source ""]
[Remark ""]

1.e4 c5 2.Nf3 Nc6 3.d4 cxd4 4.Nxd4 Nf6 5.Nc3 g6 6.Be3 Bg7 7.Bc4
O-O 8.Bb3 d6 9.f3 Bd7 10.Qd2 Nxd4 11.Bxd4 b5 12.O-O-O a5 13.Nd5
Nxd5 14.Bxd5 Rc8 15.Bxg7 Kxg7 16.a3 Qc7 17.c3 Rb8 18.Kb1 Be6
19.Qd4+ Kg8 20.Rhe1 Rfc8 21.Rc1 Qd7 22.g4 Bxd5 23.exd5 Rc4 24.Qd3
Rc5 25.Re4 Qb7 26.Rd1 Rbc8 27.h4 Rc4 28.Rde1 R8c7 29.h5 Rxe4
30.Rxe4 Rc5 31.Rd4 Qc8 32.Qe3 Qb7 33.Qd3 Qc8 34.Qe4 Qd7 35.Qf4
Qb7 36.Qg5 Rc4 37.Qd2 Qb6 38.hxg6 hxg6 39.Rd3 Qg1+ 40.Ka2 Kg7
41.Re3 Qf1 42.Qh2 Qd1 43.Rxe7 Qxd5 44.Ka1 b4 45.Re1 bxc3 46.Rh1
cxb2+ 47.Qxb2+ Qe5 48.Re1 Qxb2+ 49.Kxb2 Rf4 50.Rd1 Rxf3 51.Rxd6
Rf4 52.Rd5 a4 53.g5 Rf5 54.Rd4 Rxg5 55.Rxa4 Rg2+ 56.Kb3 g5 57.Rc4
Re2 58.a4 Re8 59.a5 Ra8 60.Ra4 Ra6 61.Kc4 Kg6 62.Kb5 Ra8 63.a6
Kh5 64.Kc5 f5 65.Kd5 f4 66.Ra1 Kg4 67.Ke5 f3 68.Rg1+ Kh3 69.Rxg5
f2 70.Rf5 Kg2 0-1

[Event "Moscow Open 2009 B"]
[Site "www.moscowchessopen.ru"]
[Date "2009.02.07"]
[Round "8.51"]
[White "Lisinov, Viacheslav"]
[Black "Kasyanov, Aysen"]
[Result "1-0"]
[WhiteElo "2129"]
[BlackElo "2257"]
[Annotator ""]
[Source ""]
[Remark ""]

1.e4 e5 2.Nf3 Nc6 3.Bc4 Nf6 4.d4 exd4 5.e5 d5 6.Bb5 Ne4 7.Nxd4
Bd7 8.Bxc6 bxc6 9.O-O Bc5 10.Be3 O-O 11.f3 Ng5 12.c3 Qe7 13.Re1
f6 14.Bxg5 fxg5 15.Nd2 Rf5 16.N2b3 Bb6 17.e6 Be8 18.Kh1 Rf6 19.Qe2
c5 20.Nc2 Bg6 21.Ne3 c6 22.Ng4 Rff8 23.Ne5 Qxe6 24.Qd2 Rae8 25.Nxg6
Qxg6 26.Rxe8 Rxe8 27.Re1 h6 28.Rxe8+ Qxe8 29.g3 Qe5 30.Kg2 c4
31.Nd4 Bxd4 32.cxd4 Qe7 33.Kf2 c5 34.Qe3 Qf6 35.dxc5 Qxb2+ 36.Ke1
Qb1+ 37.Kd2 Qxa2+ 38.Kc1 Qa1+ 39.Kc2 Qa4+ 40.Kc1 Qc6 41.Kd2 Qg6
42.Kc3 Qd3+ 43.Qxd3 cxd3 44.c6 1-0

[Event "Moscow Open 2009 B"]
[Site "www.moscowchessopen.ru"]
[Date "2009.02.07"]
[Round "8.52"]
[White "Bazarov, Konstantin"]
[Black "Lozbenev, Pavel"]
[Result "1-0"]
[WhiteElo "2256"]
[BlackElo "2095"]
[Annotator ""]
[Source ""]
[Remark ""]

1.Nf3 d5 2.d4 Nf6 3.c4 c6 4.Nc3 e6 5.e3 Nbd7 6.Qc2 Bd6 7.g4 Nxg4
8.Rg1 Nxh2 9.Nxh2 Bxh2 10.Rxg7 Nf8 11.Rg2 Bc7 12.Bd2 Bd7 13.O-O-O
Qe7 14.e4 dxe4 15.Nxe4 Ng6 16.Kb1 Nf4 17.Rg3 f5 18.Nc5 Bc8 19.Qc1
Ng6 20.Bg5 Qf7 21.Rg1 b6 22.Bg2 Bd7 23.Nxd7 Qxd7 24.d5 O-O 25.dxc6
Qe8 26.Rd7 Rf7 27.Rgd1 Ne5 28.Rxc7 Rxc7 29.Bf4 Rg7 30.Bxe5 Rxg2
31.c7 Rc8 32.Qh6 1-0

[Event "Moscow Open 2009 B"]
[Site "www.moscowchessopen.ru"]
[Date "2009.02.07"]
[Round "8.54"]
[White "Sargissyan, Sargis"]
[Black "Gansvind, Valeriya I"]
[Result "1-0"]
[WhiteElo "2119"]
[BlackElo "2244"]
[Annotator ""]
[Source ""]
[Remark ""]

1.e4 c5 2.Nf3 e6 3.d4 cxd4 4.Nxd4 a6 5.Nc3 Qc7 6.Bd3 Bc5 7.Nb3
Be7 8.O-O Nf6 9.f4 d6 10.Qe2 Nbd7 11.Bd2 h5 12.Rae1 b5 13.e5
Ng4 14.exd6 Qxd6 15.Kh1 Nc5 16.Ne4 Nxe4 17.Bxe4 Ra7 18.Rd1 Qb8
19.Bc3 O-O 20.h3 Nf6 21.Be5 Qb6 22.Bd4 Qc7 23.Bf3 Bb7 24.Bxa7
Bxf3 25.Rxf3 Qxa7 26.c3 g6 27.Nd4 Qc7 28.a4 bxa4 29.Qxa6 a3 30.b4
h4 31.Qxa3 Nh5 32.Qa5 Qc4 33.Qb5 Qa2 34.Qe2 Qa4 35.Qc2 Ra8 36.Ne2
Rc8 37.Qd3 Qa2 38.Qd2 Qc4 39.Qd3 Qa2 40.Qd2 Qc4 41.Rd3 Ra8 42.Re3
Ra2 43.Qd3 Qb3 44.Rb1 Qa4 45.Kh2 Bf6 46.Re4 Qa8 47.b5 Qb8 48.b6
Rxe2 49.Qxe2 Nxf4 50.Qf3 Ne2+ 51.Kh1 Nxc3 52.Rf1 Nxe4 53.Qxe4
Be5 54.Rb1 Bg3 55.b7 Qa7 56.Qf3 Bb8 57.Rf1 f5 58.Qc6 Kh7 59.Qd7+
Kh6 60.Qe7 Qd4 61.Qf8+ Kg5 62.Qxb8 1-0

[Event "Moscow Open 2009 B"]
[Site "www.moscowchessopen.ru"]
[Date "2009.02.07"]
[Round "8.55"]
[White "Gharagyozian, Artur"]
[Black "Gorishniy, Yuri"]
[Result "1-0"]
[WhiteElo "2233"]
[BlackElo "2085"]
[Annotator ""]
[Source ""]
[Remark ""]

1.a3 Nf6 2.Nf3 g6 3.b4 Bg7 4.Bb2 O-O 5.c4 d6 6.g3 e5 7.d3 Nh5
8.Nc3 f5 9.Bg2 Nc6 10.O-O Be6 11.Nd2 Rb8 12.Qa4 Bh6 13.Bc1 f4
14.b5 Nd4 15.Nf3 Nxf3+ 16.Bxf3 Nf6 17.Qxa7 Bh3 18.Bg2 Qc8 19.f3
Bxg2 20.Kxg2 b6 21.Qa4 g5 22.Nd5 Nxd5 23.cxd5 g4 24.Qe4 Qd7 25.Rb1
Kh8 26.Bb2 Rf7 27.d4 fxg3 28.dxe5 dxe5 29.Bxe5+ Bg7 30.Bxg3 Re8
31.Qd3 Rfe7 32.Rfe1 Re3 33.Qc4 Bc3 34.Rf1 Rxe2+ 35.Kh1 Bg7 36.Qxg4
Qxd5 37.Rg1 Rf8 38.Rbd1 Qxf3+ 39.Qxf3 Rxf3 40.Bxc7 Re8 41.Bxb6
Rb8 42.Rd8+ Rxd8 43.Bxd8 Rxa3 44.Rb1 Be5 45.b6 Rc3 46.b7 Kg7
47.b8Q Bxb8 48.Rxb8 Rc2 49.Bh4 Kg6 50.Rb5 1-0